| 000 | 01462nam2a2200253 4500 | ||
|---|---|---|---|
| 001 | rc\3010599 | ||
| 005 | 20260315064143.0 | ||
| 035 | _a(NLR Aleph) 007153160 | ||
| 090 |
_a13617153 _c13617153 |
||
| 100 | _a20110923d1938 u y0rusy50 ca | ||
| 101 | 0 | _arus | |
| 105 | _aa z ||||| | ||
| 200 | 1 |
_aЗернобобовые и кормовые культуры _fРед. М.И. Княгиничев и М.И. Смирнова _gВсесоюз. акад. с.-х. наук им. В.И. Ленина. Всесоюз. ин-т растениеводства |
|
| 210 |
_cСельхозгиз, Ленингр. отд-ние _d1938 |
||
| 215 |
_a422 с. _cграф. _d22 см |
||
| 320 | _a"Литература" в конце каждой главы | ||
| 461 | 0 |
_1001rc\3010597 _12001#$aБиохимия культурных растений$eТ. 1-$fПод общ. ред. проф. Н.Н. Иванова$gНар. ком. зем. СССР. Всесоюз. акад. с.-х. наук им. В.И. Ленина. Всесоюз. ин-т растениеводства$vТ. 2 _97172615 _cМосква _d1936-1948 _fПод общ. ред. проф. Н.Н. Иванова _nСельхозгиз _oТ. 1- _tБиохимия культурных растений _vТ. 2 |
|
| 702 | 1 |
_aКнягиничев _bМ.И. _4340 |
|
| 702 | 1 |
_aСмирнова _bМ.И. _4340 |
|
| 801 | 0 |
_aRU _bNLR _gpsbo |
|
| 801 | 1 |
_aRU _bELAR _2rusmarc |
|
| 852 |
_aNLR _j36-18/25(2) |
||
| 942 | _cUNSPEC | ||
| 980 | _aNB | ||